000 00766nam a22002177a 4500
003 OSt
005 20251029010611.0
008 251029b |||||||| |||| 00| 0 eng d
020 _a978-971-06-5779-1
040 _aDWCL - Main Lib
_cOC
082 _22nd
_aRes. 170 J11p 2022
100 _aJavier, Philip S., III
245 _aPagpapakatao 10 :
_bPaghuhubog ng pagkatao para sa pagtibay ng bansa /
_cPhilip S. Javier III
250 _a2nd
260 _aQuezon Avenue, Quezon City, Philippines :
_bPhoenix Publishing House, Inc.,
_cc2022.
300 _axiii , 228 pages :
_billustrations ;
_c25 cm.
650 _a1. Values Education
650 _a2. Values Education - Study and Teaching
700 _aJosephine C. Dango
942 _2ddc
_cBK-0 CIRC
_e2nd
_mRes.
_n0
999 _c5257
_d5257